Записки Академии наук. Т.75, Кн.1 (Запись № 3998062)
[ простой вид ]
| 000 -МАРКЕР | |
|---|---|
| контрольное поле | 02678nam2a22003011 4500 |
| 001 - ИДЕНТИФИКАТОР ЗАПИСИ | |
| контрольное поле | RU\NLR\INFOCOMM6\1000361845 |
| 005 - ИДЕНТИФИКАТОР ВЕРСИИ | |
| контрольное поле | 20250616232407.0 |
| 035 ## - ДРУГИЕ СИСТЕМНЫЕ НОМЕРА | |
| Идентификатор записи | (NLR Aleph) 002276111 |
| 100 ## - ДАННЫЕ ОБЩЕЙ ОБРАБОТКИ | |
| Данные общей обработки | 20031127d1894 |||y0rusy50 ca |
| 101 0# - ЯЗЫК РЕСУРСА | |
| Язык текста, звукозаписи и т.д. | русский |
| 102 ## - СТРАНА ПУБЛИКАЦИИ ИЛИ ПРОИЗВОДСТВА | |
| Страна публикации | Российская Федерация |
| 105 ## - ПОЛЕ КОДИРОВАННЫХ ДАННЫХ: ТЕКСТОВЫЕ МАТЕРИАЛЫ, МОНОГРАФИЧЕСКИЕ | |
| Кодированные данные о монографическом текстовом документе | y ||||||||| |
| 200 0# - ЗАГЛАВИЕ И СВЕДЕНИЯ ОБ ОТВЕТСТВЕННОСТИ | |
| Основное заглавие | Т.75, Кн.1 |
| 210 ## - ПУБЛИКАЦИЯ, РАСПРОСТРАНЕНИЕ И ДР. | |
| Дата издания, распространения и т.д. | 1894 |
| Место издания, распространения и т.д. | Б. м. |
| 421 #1 - ПРИЛОЖЕНИЕ | |
| Встроенное поле | 2001#$aК биологии простейших$fШевяков В.Т. |
| -- | 700#1$aШевяков$bВ.Т. |
| -- | 210##$aСпб.$d1894 |
| -- | 309##$aПрипл. |
| -- | 311##$a1894/1895 к т.75 |
| Заглавие | К биологии простейших |
| Автор | Шевяков, В.Т. |
| 421 #1 - ПРИЛОЖЕНИЕ | |
| Встроенное поле | 2001#$aСвод постановлений международных метеорологических конференций от Лейпцигской конференции в августе 1872 до Мюнхенской конференции в августе 1891 г. включительно$fВильд Г.И. |
| -- | 700#1$aВильд$bГ.И. |
| -- | 210##$aСпб.$d1894 |
| -- | 309##$aПрипл. |
| -- | 311##$a1894/1895 к т.75 |
| Заглавие | Свод постановлений международных метеорологических конференций от Лейпцигской конференции в августе 1872 до Мюнхенской конференции в августе 1891 г. включительно |
| Автор | Вильд, Г.И. |
| 421 #1 - ПРИЛОЖЕНИЕ | |
| Встроенное поле | 2001#$aМусульманские легенды$fКатанов Н.Ф. |
| -- | 700#1$aКатанов$bН.Ф. |
| -- | 210##$aСпб.$d1894 |
| -- | 309##$aПрипл. |
| -- | 311##$a1894/1895 к т.75 |
| Заглавие | Мусульманские легенды |
| Автор | Катанов, Н.Ф. |
| 421 #1 - ПРИЛОЖЕНИЕ | |
| Встроенное поле | 2001#$aОтчет о пятом присуждении премий Макария, митрополита Московского |
| -- | 210##$aСпб.$d1895 |
| -- | 309##$aПрипл. |
| -- | 311##$a1894/1895 к т.75 |
| Заглавие | Отчет о пятом присуждении премий Макария, митрополита Московского |
| 421 #1 - ПРИЛОЖЕНИЕ | |
| Встроенное поле | 2001#$aОтчет о тридцать пятом присуждении наград графа Уварова |
| -- | 210##$aСпб.$d1895 |
| -- | 309##$aПрипл. |
| -- | 311##$a1894/1895 к т.75 |
| Заглавие | Отчет о тридцать пятом присуждении наград графа Уварова |
| 461 #0 - УРОВЕНЬ НАБОРА | |
| Встроенное поле | 001RU\NLR\INFOCOMM6\1000361712 |
| -- | 2001#$aЗаписки Академии наук$vТ.75, Кн.1 |
| Системный номер (АБИС) связанной записи | 3997372 |
| Автор | Академия наук (Петербург) |
| Место публикации | СПб. |
| Дата публикации | 1862-1895 |
| Заглавие | Записки Академии наук |
| Номер тома | Т.75, Кн.1 |
| 801 #1 - ИСТОЧНИК ЗАПИСИ | |
| Страна | Российская Федерация |
| Организация | InfoComm |
| Дата составления | 20031127 |
| 801 #0 - ИСТОЧНИК ЗАПИСИ | |
| Страна | Российская Федерация |
| Организация | NLR |
| Правила каталогизации | PSBO |
| 852 ## - МЕСТОНАХОЖДЕНИЕ И ШИФР ХРАНЕНИЯ | |
| Идентификатор организации | NLR |
| Шифр хранения (Call Number) | 1/447 |
| 942 ## - ДОПОЛНИТЕЛЬНЫЕ ЭЛЕМЕНТЫ ЗАПИСИ (АБИС) | |
| Тип экземпляра АБИС | Выпуск |
| 980 ## - КОЛЛЕКЦИЯ | |
| Название коллекции | Национальная библиография |
| 980 ## - КОЛЛЕКЦИЯ | |
| Название коллекции | Русская периодика |
Нет доступных экземпляров.